| 000 | 00544nam a22002057a 4500 | ||
|---|---|---|---|
| 003 | KOHA_MİRAKIL | ||
| 005 | 20260331130053.0 | ||
| 008 | 260331b tu ||||| |||| 00| 0 tur d | ||
| 020 | _a9786052179451 | ||
| 040 |
_aTR-AnABB _btur _cTR-AnABB |
||
| 041 | _atur | ||
| 082 |
_a811.42 _bOZE 2018 |
||
| 100 | 1 | _aÖzer, Ahmet | |
| 245 | 1 | 0 |
_aDenizin sesiyle / _cAhmet Özer |
| 260 |
_a[y.y.], _bArtshop, _c2018 |
||
| 300 |
_a79 sayfa ; _c20 cm |
||
| 500 | _aYazar imzalı | ||
| 650 | 0 | 4 | _aTürk edebiyatı, şiir |
| 942 |
_2ddc _cBK |
||
| 999 |
_c10134 _d10134 |
||
| 900 | _bCan ÇELIK | ||